| 000 | 00689nam a2200205Ia 4500 | ||
|---|---|---|---|
| 003 | GCL | ||
| 008 | 140319s9999 xx 000 0 ara d | ||
| 040 |
_aGCL / _cGCL |
||
| 082 | 0 | 4 |
_a005.13 _bهـ ا |
| 100 | 1 | _aهارولد، ايليوت رستى | |
| 245 | 1 | 0 |
_aاكس ام ال / _cهارولد، ايليوت رستى |
| 260 |
_aالقاهرة : _bدار الفاروق للنشر والتوزيع ، _c2004 |
||
| 300 |
_a1208 ص ؛ _c28 سم |
||
| 650 | 0 | 4 | _aنظم المعلومات |
| 650 | 0 | 4 | _aالإنترنت |
| 650 | 0 | 4 | _aالحاسبات الالكترونية - لغات |
| 650 | 0 | 4 | _aانشاء صفحات الويب |
| 650 | 0 | 4 | _aاكس ام ال |
| 942 |
_2ddc _cBK |
||
| 999 |
_c7244 _d7244 |
||